| 000 | 00825cab a2200253 4500 | ||
|---|---|---|---|
| 001 | WB3201-60 | ||
| 008 | 090401t1995 xxu||||| |||| 00| 0 eng d | ||
| 035 | _a(Sirsi) u11993 | ||
| 041 | _aeng | ||
| 245 | 2 | _aA seasonal investment | |
| 260 | _c1995 | ||
| 350 | _a0 | ||
| 490 |
_aFinancial Times _v16 December 1995, 1x(1) |
||
| 490 |
_aSunday Telegraph _v24 December 1995, 6(2) |
||
| 520 | _aA 154-acre site planted with baby Christmas trees is available on a sale and leaseback basis offering an excellent investment opportunity. Analyses the tax benefits of forestry investment. | ||
| 650 | _aCHRISTMAS TREES | ||
| 650 | _aEU GRANTS | ||
| 650 | _aFARM DIVERSIFICATION SCHEMES | ||
| 650 | _aFORESTRY INVESTMENT | ||
| 650 | _aSALE AND LEASEBACK | ||
| 690 | _aRURAL PRACTICE | ||
| 942 | _n0 | ||
| 948 | _c04/03/1997 | ||
| 999 |
_c7667 _d7667 |
||